The Complete practical guide to bioinformatics for life scientists : (Record no. 177004)

000 -LEADER
fixed length control field 00936 a2200205 4500
003 - CONTROL NUMBER IDENTIFIER
control field Nust
005 - DATE AND TIME OF LATEST TRANSACTION
control field 20221013123426.0
010 ## - LIBRARY OF CONGRESS CONTROL NUMBER
LC control number 2002038177
020 ## - INTERNATIONAL STANDARD BOOK NUMBER
International Standard Book Number 8129700549 (pbk.)
040 ## - CATALOGING SOURCE
Transcribing agency Nust
082 00 - DEWEY DECIMAL CLASSIFICATION NUMBER
Classification number 572.8,BER
100 1# - MAIN ENTRY--PERSONAL NAME
Personal name Bergeron, Bryan P.
9 (RLIN) 100131
245 10 - TITLE STATEMENT
Title The Complete practical guide to bioinformatics for life scientists :
Remainder of title Bioinformatics computing /
Statement of responsibility, etc. Bryan Bergeron.
260 ## - PUBLICATION, DISTRIBUTION, ETC.
Place of publication, distribution, etc. Upper Saddle River, NJ :
Name of publisher, distributor, etc. Prentice Hall/Professional Technical Reference,
Date of publication, distribution, etc. c2003.
300 ## - PHYSICAL DESCRIPTION
Extent xxii, 439 p. :
Other physical details ill. ;
Dimensions 24 cm.
505 ## - FORMATTED CONTENTS NOTE
Formatted contents note The Central Dogma (Page-2), Database (Page-42), Networks (Page-104), Search Engines (Page-144), Data Visualization (Page-176), Statistics (Page-216), Data Mining (Page-260), Pattern Matching (Page-302), Modeling and Simulation (Page-342), Collaboration (Page-388).
650 #0 - SUBJECT ADDED ENTRY--TOPICAL TERM
Topical term or geographic name entry element Bioinformatics.
9 (RLIN) 13954
650 #0 - SUBJECT ADDED ENTRY--TOPICAL TERM
Topical term or geographic name entry element Molecular biology
General subdivision Data processing.
9 (RLIN) 100132
942 ## - ADDED ENTRY ELEMENTS (KOHA)
Source of classification or shelving scheme
Koha item type Book
Holdings
Withdrawn status Lost status Source of classification or shelving scheme Damaged status Not for loan Permanent Location Current Location Shelving location Date acquired Full call number Barcode Date last seen Price effective from Koha item type Public note
          Military College of Signals (MCS) Military College of Signals (MCS) General Stacks 12/12/2016 572.8,BER MCS32516 12/08/2016 12/12/2016 Book Almirah No.25, Shelf No.6
© 2023 Central Library, National University of Sciences and Technology. All Rights Reserved.